[Event "XXIX Torneo San Viator - Memorial Pepe "]
[Site "Colegio San Viator. Plaza Fer"]
[Date "2017.11.05"]
[Round "8.29"]
[White "Gallego Romero, Manuel"]
[Black "Pastor Diaz, David"]
[Result "1/2-1/2"]
[WhiteElo "1475"]
[BlackElo "1323"]
[PlyCount "76"]
[EventDate "2017.09.17"]
[EventRounds "9"]
[EventCountry "ESP"]

1. e4 e5 2. Bc4 Nf6 3. d3 Nc6 4. a3 Bc5 5. h3 d6 6. Nc3 Nd4 7. Nf3 c6 8. b4
Nxf3+ 9. Qxf3 Bd4 10. Bd2 b5 11. Ba2 Be6 12. Bxe6 fxe6 13. Rb1 O-O 14. O-O Nd5
15. Qg4 Nxc3 16. Rb3 Na4 17. Qxe6+ Rf7 18. c3 Bb6 19. Be3 Bxe3 20. fxe3 Qf8 21.
Rbb1 Nxc3 22. Rb2 Re8 23. Qb3 Na4 24. Rbf2 Ree7 25. d4 Nb6 26. d5 cxd5 27. exd5
Rxf2 28. Rxf2 Rf7 29. Rxf7 Qxf7 30. e4 Nd7 31. Qc2 Nf6 32. Qc8+ Qf8 33. Qf5 g6
34. Qf3 Kg7 35. g4 g5 36. Kg2 Nd7 37. Qe3 Nb6 38. Qxg5+ Kh8 1/2-1/2

[Event "XXIX Torneo San Viator - Memorial Pepe "]
[Site "Colegio San Viator. Plaza Fer"]
[Date "2017.11.05"]
[Round "8.30"]
[White "Mora Gonzalez-Rojas, Francisco"]
[Black "Garcia Rojas, Juan Carlos"]
[Result "0-1"]
[WhiteElo "1274"]
[BlackElo "1470"]
[PlyCount "144"]
[EventDate "2017.09.17"]
[EventRounds "9"]
[EventCountry "ESP"]

1. e4 c5 2. Nf3 d6 3. Bb5+ Bd7 4. Bxd7+ Nxd7 5. O-O Ngf6 6. d3 e6 7. Bg5 Qb6 8.
b3 Be7 9. Nbd2 d5 10. e5 Ng4 11. Bxe7 Kxe7 12. Qe2 Rhe8 13. h3 Nh6 14. Qe3 Kf8
15. Ng5 Kg8 16. Ngf3 Nf5 17. Qe2 Qd8 18. g4 Ne7 19. Kg2 Ng6 20. Qe3 Rc8 21.
Rac1 f6 22. exf6 Nxf6 23. Rfe1 d4 24. Qg5 Qc7 25. Ne5 Nxe5 26. Qxe5 Qc6+ 27. f3
Rcd8 28. Ne4 Nxe4 29. Qxe4 Qa6 30. a4 Rd5 31. Qe2 h5 32. Qf2 Qd6 33. Qg3 Qe7
34. Qf2 b6 35. Re4 e5 36. Qg3 h4 37. Qe1 g5 38. Qe2 Qf6 39. Rf1 Rf8 40. Qd1 Qd6
41. Qa1 Rf4 42. Qd1 Qf6 43. Qe2 a6 44. Qd1 Rd7 45. Qe2 Re7 46. Qd1 Rf7 47. Qe2
Rxe4 48. fxe4 Qxf1+ 49. Qxf1 Rxf1 50. Kxf1 Kf7 51. Ke2 Ke6 52. Kd2 Kd6 53. c4
Kc6 54. Kc2 b5 55. axb5+ axb5 56. cxb5+ Kxb5 57. Kb2 Kb4 58. Kc2 Ka3 59. Kd2
Kxb3 60. Kd1 Kc3 61. Ke2 Kc2 62. Ke1 Kxd3 63. Kf2 Kd2 64. Kf1 c4 65. Kf2 c3 66.
Kf1 c2 67. Kf2 c1=Q 68. Kg2 Ke2 69. Kh2 Qc2 70. Kg2 Qd3 71. Kh2 Kf2 72. Kh1
Qxh3# 0-1

[Event "XXIX Torneo San Viator - Memorial Pepe "]
[Site "Colegio San Viator. Plaza Fer"]
[Date "2017.11.05"]
[Round "8.31"]
[White "Campos Calderon, David"]
[Black "Baranco Gonzalez, Nicolas"]
[Result "1/2-1/2"]
[WhiteElo "1242"]
[BlackElo "1455"]
[PlyCount "52"]
[EventDate "2017.09.17"]
[EventRounds "9"]
[EventCountry "ESP"]

1. d4 d5 2. c4 dxc4 3. e3 Nf6 4. Nc3 e6 5. Bxc4 Bd7 6. Nf3 Bb4 7. O-O O-O 8.
Qc2 Nc6 9. Bd2 Re8 10. a3 Bxc3 11. bxc3 h6 12. Rab1 b6 13. e4 Na5 14. Bd3 c5
15. Be2 cxd4 16. cxd4 Rc8 17. Qd3 Nc6 18. Ne1 Ne7 19. f4 Bc6 20. Bf3 Ng6 21. e5
Bxf3 22. exf6 Bxg2 23. Nxg2 Qxf6 24. Rbc1 Rcd8 25. Be3 Qe7 26. Qc3 Qb7 1/2-1/2

[Event "XXIX Torneo San Viator - Memorial Pepe "]
[Site "Colegio San Viator. Plaza Fer"]
[Date "2017.11.05"]
[Round "8.32"]
[White "Jarne Anguita, Miguel"]
[Black "Alvarez Garcia, Jose Javier"]
[Result "1-0"]
[WhiteElo "1436"]
[BlackElo "1230"]
[PlyCount "139"]
[EventDate "2017.09.17"]
[EventRounds "9"]
[EventCountry "ESP"]

1. d4 d5 2. Nf3 e6 3. e3 Bd6 4. Bd3 Ne7 5. O-O O-O 6. b3 b6 7. Bb2 c5 8. Nbd2
f5 9. c4 Bb7 10. Ng5 Qd7 11. Qh5 h6 12. Ngf3 Nbc6 13. Nh4 Qe8 14. Qxe8 Raxe8
15. Rac1 Bc7 16. dxc5 Nb4 17. Bb1 Na6 18. cxb6 Bxb6 19. Nhf3 Nc6 20. cxd5 exd5
21. Nd4 Nxd4 22. Bxd4 Bxd4 23. exd4 Bc8 24. Nf3 Nb8 25. Rc7 a6 26. Ne5 Re6 27.
Bxf5 Ree8 28. Bg6 Rd8 29. Bf7+ Kh7 30. Re1 Bd7 31. Bg6+ Kg8 32. Nxd7 Nxd7 33.
Re7 Rf6 34. Bh5 Rd6 35. Bg4 Nf6 36. Rxg7+ Kh8 37. Bf5 Re8 38. Rge7 Rf8 39. Rf7
Rdd8 40. Rxf8+ Rxf8 41. Rc8 Rxc8 42. Bxc8 a5 43. Bb7 Ne4 44. Bxd5 Nc3 45. Bc4
Nxa2 46. Kf1 Kg7 47. Ke2 Kf6 48. Ke3 Nb4 49. Ke4 Ke7 50. Ke5 Nc6+ 51. Kd5 Nb4+
52. Kc5 Nc2 53. d5 Ne1 54. d6+ Kd8 55. g3 Nf3 56. h4 Ne5 57. f4 Nd7+ 58. Kb5
Nf6 59. Be6 Ne4 60. g4 Nxd6+ 61. Kxa5 Nb7+ 62. Kb6 Nd6 63. g5 Ke7 64. Bd5 Nf5
65. h5 hxg5 66. fxg5 Kf8 67. Kc5 Kg7 68. b4 Ne7 69. b5 Nc8 70. b6 1-0

[Event "XXIX Torneo San Viator - Memorial Pepe "]
[Site "Colegio San Viator. Plaza Fer"]
[Date "2017.11.05"]
[Round "8.33"]
[White "Serrano Ruiz, Miguel"]
[Black "Garcia Hernandez, Armando"]
[Result "1-0"]
[WhiteElo "1237"]
[BlackElo "1411"]
[PlyCount "93"]
[EventDate "2017.09.17"]
[EventRounds "9"]
[EventCountry "ESP"]

1. e4 c5 2. d4 cxd4 3. c3 dxc3 4. Nxc3 g6 5. Bc4 e6 6. Nf3 Bg7 7. Bg5 f6 8. Be3
b6 9. Nb5 Bf8 10. e5 h6 11. exf6 Nxf6 12. Ne5 d5 13. Bb3 a6 14. Nc3 Rg8 15. Qd4
Bc5 16. Qa4+ Bd7 17. Nxd7 Qxd7 18. Qxd7+ Nbxd7 19. Bxc5 Nxc5 20. Ba4+ Nxa4 21.
Nxa4 Rh8 22. O-O Ne4 23. Rfe1 Ke7 24. Rac1 Kd7 25. f3 Nd6 26. Re5 Nc4 27. Ree1
Rhc8 28. b3 Nd6 29. Rxc8 Nxc8 30. Kf2 Nd6 31. Kg3 Nf5+ 32. Kf2 Kd6 33. Rc1 Nd4
34. Nc3 Nb5 35. h4 Nxc3 36. Rxc3 Kd7 37. Ke3 Rc8 38. Rxc8 Kxc8 39. Kd4 Kc7 40.
f4 Kc6 41. a4 b5 42. a5 b4 43. g4 Kb5 44. h5 g5 45. fxg5 hxg5 46. h6 Kc6 47. h7
1-0

[Event "XXIX Torneo San Viator - Memorial Pepe "]
[Site "Colegio San Viator. Plaza Fer"]
[Date "2017.11.05"]
[Round "8.34"]
[White "Insua Rodriguez, Antonio"]
[Black "Teran Gonzalez, Adrian"]
[Result "1-0"]
[WhiteElo "1373"]
[BlackElo "1211"]
[PlyCount "83"]
[EventDate "2017.09.17"]
[EventRounds "9"]
[EventCountry "ESP"]

1. c4 c5 2. Nf3 e6 3. d4 d5 4. cxd5 exd5 5. dxc5 Bxc5 6. Nc3 Nc6 7. Qxd5 Qxd5
8. Nxd5 Bd6 9. e4 Be6 10. Bb5 Nge7 11. Bf4 Bxf4 12. Nxf4 O-O 13. Nxe6 fxe6 14.
Ke2 e5 15. Rhd1 Rad8 16. Bc4+ Kh8 17. Rxd8 Rxd8 18. Rd1 Rf8 19. Ke1 Ng6 20. Ng5
Nd4 21. Nf7+ Kg8 22. Nxe5+ Kh8 23. Nxg6+ hxg6 24. Rxd4 Re8 25. f3 Re7 26. Rd5
Rc7 27. b3 a6 28. a4 Kh7 29. e5 Re7 30. f4 g5 31. Bd3+ Kg8 32. fxg5 Rc7 33.
Rd8+ Kf7 34. Bc4+ Ke7 35. Rg8 g6 36. Rg7+ Kd8 37. Rxc7 Kxc7 38. Bf7 Kd7 39. e6+
Ke7 40. a5 Kd6 41. Kd2 Ke7 42. h4 1-0

[Event "XXIX Torneo San Viator - Memorial Pepe "]
[Site "Colegio San Viator. Plaza Fer"]
[Date "2017.11.05"]
[Round "8.35"]
[White "Yeghiazaryan Petrosyan, Roberto"]
[Black "Benitez Robles, Antonio"]
[Result "1/2-1/2"]
[WhiteElo "1285"]
[BlackElo "1343"]
[PlyCount "86"]
[EventDate "2017.09.17"]
[EventRounds "9"]
[EventCountry "ESP"]

1. d4 e6 2. Nf3 Nf6 3. g3 Bb4+ 4. c3 Ba5 5. Bg2 O-O 6. O-O d6 7. Re1 Nc6 8. e4
Bd7 9. Nbd2 Rb8 10. Qc2 Ne7 11. Nc4 Bb6 12. Nxb6 cxb6 13. Bg5 Ng6 14. e5 h6 15.
Bxf6 gxf6 16. exd6 Bc6 17. Qd2 Kg7 18. Rad1 Qxd6 19. h3 b5 20. a3 a5 21. Re2
Bd5 22. Nh2 Bc4 23. Ree1 b6 24. Ng4 Rh8 25. d5 Bb3 26. dxe6 Qxd2 27. Rxd2 Bxe6
28. Rd6 Rhd8 29. Red1 Rxd6 30. Rxd6 Ne5 31. Nxe5 fxe5 32. h4 Kf6 33. Bf1 Ke7
34. Rd1 Bc4 35. Bh3 Rd8 36. Rxd8 Kxd8 37. Kg2 e4 38. Bg4 Bd5 39. Kf1 Ke7 40.
Ke2 Kf6 41. b4 Bc4+ 42. Ke3 Ke5 43. Bh5 Bd5 1/2-1/2

[Event "XXIX Torneo San Viator - Memorial Pepe "]
[Site "Colegio San Viator. Plaza Fer"]
[Date "2017.11.05"]
[Round "8.39"]
[White "Lavado Pena, David"]
[Black "Cuerda Montagud, Tomas"]
[Result "1-0"]
[WhiteElo "1153"]
[BlackElo "1444"]
[PlyCount "103"]
[EventDate "2017.09.17"]
[EventRounds "9"]
[EventCountry "ESP"]

1. c4 e5 2. Nc3 Nf6 3. g3 d5 4. cxd5 Nxd5 5. Nf3 Nxc3 6. bxc3 Nc6 7. Bg2 Be7 8.
O-O O-O 9. d4 exd4 10. cxd4 Bf6 11. Bb2 Rb8 12. d5 Bxb2 13. Rb1 Nb4 14. Rxb2
Nxd5 15. Rd2 Be6 16. e4 Nc3 17. Rxd8 Nxd1 18. Rxf8+ Rxf8 19. Rxd1 Bxa2 20. Ra1
Bc4 21. Rxa7 Rd8 22. h3 Ba6 23. Bf1 Bxf1 24. Kxf1 Rb8 25. Ne5 f6 26. Nd7 Rd8
27. Nc5 b6 28. Na6 c5 29. Rb7 Rd6 30. Nb8 c4 31. Rc7 b5 32. Rc5 Rd1+ 33. Ke2
Rb1 34. Na6 Rb3 35. Nc7 c3 36. Nxb5 Rb2+ 37. Kf3 c2 38. Nd4 Rb1 39. Nxc2 Rc1
40. Rc4 Kf7 41. Ne3 Rb1 42. Rc7+ Kg6 43. h4 h5 44. Nd5 Rb3+ 45. Kg2 Kh6 46. Ne7
Rb8 47. Nf5+ Kh7 48. Nxg7 Kg6 49. Nf5 Rg8 50. Ne7+ Kf7 51. Nxg8+ Kxg8 52. Kf3
1-0

[Event "XXIX Torneo San Viator - Memorial Pepe "]
[Site "Colegio San Viator. Plaza Fer"]
[Date "2017.11.05"]
[Round "8.40"]
[White "Perales Hernandez, Manuel"]
[Black "Moreno Gallardo, Sergio"]
[Result "1-0"]
[WhiteElo "1367"]
[BlackElo "1106"]
[PlyCount "135"]
[EventDate "2017.09.17"]
[EventRounds "9"]
[EventCountry "ESP"]

1. e4 e5 2. Qh5 Nc6 3. Bc4 g6 4. Qf3 Nf6 5. Ne2 Bg7 6. h3 d6 7. a3 Be6 8. Bxe6
fxe6 9. Qb3 Qd7 10. d3 b6 11. Bd2 O-O 12. Nbc3 Nd4 13. Nxd4 exd4 14. Ne2 d5 15.
e5 Ne8 16. f4 c5 17. O-O-O Qc6 18. g4 c4 19. dxc4 dxc4 20. Nxd4 Qd5 21. Qe3 Rc8
22. Nf3 c3 23. Bxc3 Qa2 24. Kd2 Qc4 25. b3 Qxf4 26. Qxf4 Rxf4 27. Ke3 Rxf3+ 28.
Kxf3 Rxc3+ 29. Ke4 Rxc2 30. Rd8 Kf7 31. Rd7+ Kg8 32. Rxa7 Re2+ 33. Kd3 Rxe5 34.
Rf1 Rd5+ 35. Kc2 Rc5+ 36. Kb1 Rc3 37. Ra8 Rxb3+ 38. Kc2 Rc3+ 39. Kd2 h6 40.
Rxe8+ Kh7 41. Ra8 Rxh3 42. Ra7 Rh2+ 43. Ke3 Rh3+ 44. Ke4 Rh4 45. Rff7 Rxg4+ 46.
Kf3 h5 47. Rxg7+ Kh6 48. Rge7 Kg5 49. Rxe6 Rf4+ 50. Ke3 h4 51. Rxb6 Rf5 52.
Raa6 Kg4 53. Rxg6+ Kh3 54. Ra4 Rh5 55. Kf3 Rf5+ 56. Rf4 Rc5 57. Re4 Rc2 58. a4
Rc3+ 59. Re3 Rc2 60. a5 Rg2 61. Kf4+ Kh2 62. Rxg2+ Kxg2 63. Kg4 Kf2 64. Rh3 Kg2
65. a6 Kf2 66. a7 Ke2 67. a8=Q Kd2 68. Qg2+ 1-0

[Event "XXIX Torneo San Viator - Memorial Pepe "]
[Site "Colegio San Viator. Plaza Fer"]
[Date "2017.11.05"]
[Round "8.41"]
[White "Jubin Diez, Damien"]
[Black "Lopez Herrero, Israel"]
[Result "0-1"]
[WhiteElo "1138"]
[BlackElo "1286"]
[PlyCount "40"]
[EventDate "2017.09.17"]
[EventRounds "9"]
[EventCountry "ESP"]

1. e4 e5 2. Nf3 Nc6 3. Bc4 Bc5 4. b4 Bb6 5. O-O Nf6 6. d3 O-O 7. b5 Nd4 8. Bg5
d6 9. Nc3 Bg4 10. Nd5 Nxf3+ 11. gxf3 Bh3 12. Bxf6 gxf6 13. Nxb6 axb6 14. Re1
Kh8 15. Bd5 Rg8+ 16. Kh1 Bg2+ 17. Kg1 Bxf3+ 18. Kf1 Rg1+ 19. Kxg1 Qg8+ 20. Kf1
Qg2# 0-1

[Event "XXIX Torneo San Viator - Memorial Pepe "]
[Site "Colegio San Viator. Plaza Fer"]
[Date "2017.11.05"]
[Round "8.44"]
[White "Moreno Payo, Jesus"]
[Black "Estebaran Rodriguez, Guillermo"]
[Result "1-0"]
[WhiteElo "1094"]
[BlackElo "1176"]
[PlyCount "33"]
[EventDate "2017.09.17"]
[EventRounds "9"]
[EventCountry "ESP"]

1. e4 e6 2. d4 d5 3. e5 c5 4. c3 Nc6 5. Nf3 cxd4 6. cxd4 Bb4+ 7. Nc3 Nge7 8. a3
Bxc3+ 9. bxc3 O-O 10. Bd3 g6 11. Bh6 Re8 12. Bg5 Qd7 13. Qd2 Nf5 14. Bf6 Nce7
15. g4 Ng7 16. Qh6 Nef5 17. Bxf5 1-0

[Event "XXIX Torneo San Viator - Memorial Pepe "]
[Site "Colegio San Viator. Plaza Fer"]
[Date "2017.11.05"]
[Round "8.45"]
[White "Garcia Pumarega, Cesar"]
[Black "Rodriguez Arribas, Pedro"]
[Result "1-0"]
[WhiteElo "1167"]
[BlackElo "1082"]
[PlyCount "107"]
[EventDate "2017.09.17"]
[EventRounds "9"]
[EventCountry "ESP"]

1. e4 e5 2. Nf3 Nc6 3. d4 d6 4. d5 Na5 5. Bd2 c5 6. Bb5+ Bd7 7. Bxd7+ Kxd7 8.
Ng5 Ke7 9. Qh5 g6 10. Qh4 f6 11. Ne6 Qb6 12. O-O Qxb2 13. Bxa5 Qxa1 14. Nc3 Qb2
15. Rb1 Qxc2 16. Rxb7+ Ke8 17. Nc7+ Kd8 18. Nxa8+ Kc8 19. Rc7+ Kb8 20. h3 Kxa8
21. Qg4 f5 22. Qg5 Ne7 23. Rxe7 Bxe7 24. Qxe7 fxe4 25. Qxd6 e3 26. fxe3 Qc1+
27. Kf2 Qb2+ 28. Kf3 Qb7 29. Qxe5 Rf8+ 30. Kg3 Rf5 31. Qe8+ Qb8+ 32. Qxb8+ Kxb8
33. e4 Rg5+ 34. Kh2 h5 35. Na4 c4 36. Bd8 Re5 37. Nc3 a6 38. d6 Kc8 39. Bc7 Kd7
40. Kg3 Rg5+ 41. Kf3 h4 42. Kf2 Rg3 43. Nd5 c3 44. Ne3 Rxe3 45. Kxe3 c2 46. Kd2
Ke6 47. Kxc2 g5 48. Kc3 a5 49. a4 Kd7 50. Kc4 Kc6 51. e5 Kd7 52. Kc5 Kc8 53.
Kc6 g4 54. d7# 1-0

[Event "XXIX Torneo San Viator - Memorial Pepe "]
[Site "Colegio San Viator. Plaza Fer"]
[Date "2017.11.05"]
[Round "8.46"]
[White "Majer Nunez, Chistian"]
[Black "Perez Ramos, Miguel Angel"]
[Result "1-0"]
[WhiteElo "1166"]
[BlackElo "1163"]
[PlyCount "111"]
[EventDate "2017.09.17"]
[EventRounds "9"]
[EventCountry "ESP"]

1. e4 e6 2. d3 c6 3. Nc3 b5 4. Nf3 Be7 5. Bd2 d5 6. d4 Bb4 7. e5 h6 8. a3 Bxc3
9. bxc3 Ne7 10. Bd3 Nd7 11. O-O Nb6 12. Qe1 Na4 13. Rb1 a6 14. Rb3 Qc7 15. Qe3
Qa7 16. Nh4 Bd7 17. Qg3 g5 18. Nf3 O-O-O 19. Qg4 c5 20. dxc5 Qxc5 21. Be3 Qc7
22. Qb4 Nc6 23. Qg4 Nxe5 24. Nxe5 Qxe5 25. Bd4 Qc7 26. Bxh8 Rxh8 27. Qd4 Re8
28. Qg7 Nc5 29. Rbb1 e5 30. Qxf7 e4 31. Rfe1 exd3 32. Rxe8+ Bxe8 33. Qxe8+ Kb7
34. cxd3 Nxd3 35. Rb3 Nc5 36. Rb2 Kb6 37. Qf8 Qc6 38. f4 gxf4 39. Qxf4 Nd3 40.
Qd4+ Qc5 41. Qxc5+ Nxc5 42. Rf2 Na4 43. Rf6+ Kc5 44. Rxh6 Nxc3 45. Rh5 Nb1 46.
g4 Nc3 47. g5 Ne4 48. g6 Kd6 49. g7 Nf6 50. Rh6 Ke7 51. Rxf6 Kxf6 52. g8=Q Ke5
53. h4 d4 54. h5 d3 55. h6 d2 56. Qd8 1-0

[Event "XXIX Torneo San Viator - Memorial Pepe "]
[Site "Colegio San Viator. Plaza Fer"]
[Date "2017.11.05"]
[Round "8.47"]
[White "Otero Gumiel, Monica"]
[Black "Tudoroiu, Adrian Eugen"]
[Result "1-0"]
[WhiteElo "1041"]
[BlackElo "1101"]
[PlyCount "67"]
[EventDate "2017.09.17"]
[EventRounds "9"]
[EventCountry "ESP"]

1. e4 g6 2. Nf3 d6 3. h3 Bg7 4. Bc4 Nf6 5. Nc3 O-O 6. d4 a6 7. a4 Nc6 8. Be3
Ne8 9. Bf4 Kh8 10. e5 f5 11. g4 dxe5 12. dxe5 Qxd1+ 13. Rxd1 b6 14. Bd5 Bd7 15.
Bg5 e6 16. Bb3 Rd8 17. Bxd8 Nxd8 18. Rxd7 Nb7 19. Nd4 Nc5 20. Re7 Bxe5 21. Nxe6
Nxe6 22. Rxe6 Bd6 23. gxf5 Ng7 24. Re3 Nxf5 25. Rf3 Re8+ 26. Kd1 Rd8 27. Kc1
Nd4 28. Rd3 Bf4+ 29. Kb1 c5 30. Ne2 g5 31. Nxf4 gxf4 32. c3 Nc6 33. Rxd8+ Nxd8
34. Rg1 1-0